Statistics for The 'sad' quiz

Click here to take the quiz!

General Stats

  • This quiz has been taken 1,100 times
  • The average score is 3 of 12

Answer Stats

First letter of wordWord% Correct
D _ _ _Down
67%
L _ _Low
66%
B _ _ _Blue
49%
U _ _ _ _ _ _Unhappy
41%
M _ _ _ _ _ _ _ _ _Melancholy
33%
M _ _ _ _ _Morose
17%
S _ _ _ _Sorry
15%
B _ _ _ _ _Bitter
12%
F _ _ _ _ _ _Forlorn
12%
D _ _ _ _ _ _ _Dejected
8%
W _ _ _ _ _ _ _ _Woebegone
5%
D _ _ _ _ _ _ _ _ _ _ _Disconsolate
3%

Score Distribution

Percentile by Number Answered

Percent of People with Each Score

Your Score History

You have not taken this quiz